Countries Where Prostitution is Fully Legal - Statistics

General Stats
  • This quiz has been taken 558 times
    406 since last reset
  • The average score is 11 of 23
Answer Stats
Continent Country % Correct
Europe Netherlands
83%
Europe Germany
79%
South America Colombia
75%
South America Chile
74%
South America Peru
73%
South America Venezuela
73%
South America Bolivia
69%
South America Ecuador
67%
South America Uruguay
67%
Europe Austria
63%
Europe Switzerland
62%
Europe Luxembourg
48%
Europe Greece
47%
Europe Hungary
45%
North America Panama
40%
Asia Turkey
38%
Europe Latvia
32%
Asia Taiwan
28%
Asia Bangladesh
16%
Africa Tunisia
14%
Asia Lebanon
11%
Africa Senegal
10%
Africa Eritrea
5%
No matching quizzes found
Score Distribution
Percent of People with Each Score
Percentile by Number Answered
Your Score History
You have not taken this quiz since the last reset